Welcome to CU Library Online Public Access Catalogue (OPAC)

ESSENTIALS OF EXAMINATION SYSTEM; (Record no. 2318)

MARC details
000 -LEADER
fixed length control field 00427nam a22001457a 4500
005 - DATE AND TIME OF LATEST TRANSACTION
control field 20241216122725.0
008 - FIXED-LENGTH DATA ELEMENTS--GENERAL INFORMATION
fixed length control field 241216b |||||||| |||| 00| 0 eng d
020 ## - INTERNATIONAL STANDARD BOOK NUMBER
International Standard Book Number 9788125900511
050 ## - LIBRARY OF CONGRESS CALL NUMBER
Classification number LB3051
Item number AGG
100 ## - MAIN ENTRY--PERSONAL NAME
Personal name AGGARWAL, J.C.
245 ## - TITLE STATEMENT
Title ESSENTIALS OF EXAMINATION SYSTEM;
Remainder of title EVALUATION, TESTS AND MEASUREMENT
260 ## - PUBLICATION, DISTRIBUTION, ETC.
Place of publication, distribution, etc. NEW DELHI
Name of publisher, distributor, etc. VIKAS PUBLISHING HOUSE PVT LTD
Date of publication, distribution, etc. c1997
300 ## - PHYSICAL DESCRIPTION
Extent xii,422p
942 ## - ADDED ENTRY ELEMENTS (KOHA)
Source of classification or shelving scheme Library of Congress Classification
Koha item type Books
Suppress in OPAC No
999 ## -
-- 2318
-- 2318
Holdings
Withdrawn status Lost status Source of classification or shelving scheme Damaged status Not for loan Collection Home library Current library Shelving location Date acquired Total checkouts Full call number Barcode Date last seen Copy number Price effective from Koha item type
    Library of Congress Classification     Non-fiction Business Library (Miotso) Business Library (Miotso) General stacks 03/25/2025   LB3051 AGG BSSM00001576 03/25/2025 2 03/25/2025 Books
    Library of Congress Classification     Non-fiction Undergraduate Library (Christ Temple) Undergraduate Library (Christ Temple) General stacks 12/16/2024   LB3051 ulct00000641 12/16/2024 1 12/16/2024 Books
© 2023-2024 Copyright: Central University Libraries. All Rights Reserved | Created by: Mahone Tech Office